000 00649nam a2200205Ia 4500
003 GCL
008 140319s9999 xx 000 0 ara d
020 _a046399977
040 _aGCL /
_cGCL
082 0 4 _a814
_bع ق
100 1 _aعمرو عبدالسميع
245 1 0 _aقلم مقائل /
_cعمرو عبدالسميع
250 _aالاولى
260 _aالقاهرة :
_bأطلس للنشر والانتاج الاعلامى ،
_c2005
300 _a351 ص ؛
_c24 سم
650 0 4 _aالمقالات الصحفية
650 0 4 _aالمقالات - مجموعات
650 0 4 _aالمقالات السياسية
942 _2ddc
_cBK
999 _c9362
_d9362